LEADER 01280nam a2200301 i 4500 001 000000137512 003 CaOOAMICUS 005 20240405110524.0 008 161220s1999 it u000 u ita u 013 $a111287 020 $a88-87138-05-2 040 $aSeMil$bita 100 1 $aBalzac, Honoré : de,$d<1799-1850>.$0(OLS)http://semarc/name/3887 240 10$aLivre mystique.$0(OLS)http://semarc/title/408498 245 13$aIl libro mistico :$bi proscritti Louis Lambert, Séraphîta, Balzac con Swedenborg /$cHonoré de Balzac ; Con una introduzione di Giacomo B. Contri. 260 $aMilano :$bSic,$c1999. 300 $aXXII, 297 p. ;$c22 cm. 500 $aContiene : Bibliografia. - Sul dorso : 5. 700 1 $aContri, Giacomo B.,$d<1941- >.$0(OLS)http://semarc/name/46005 850 $aSeMil 852 $aSeMil$W1$xVenegono$y1$m1V V 237$j91057$B91057$CSeMilBibl$Z2$F96021 $81 900 1 $aContri, Giacomo. 961 $aOmaggio: Altro 996 $6020$a88-87138-05-2$9(OLS)http://semarc/number/125253 996 $6245$aIl libro mistico :$bi proscritti Louis Lambert, Séraphîta, Balzac con Swedenborg$9(OLS)http://semarc/title/408497 996 $6260$aMilano :$bSic$9(OLS)http://semarc/publisher/35964 LEADER 01508nam a2200289 i 4500 001 000000179017 003 CaOOAMICUS 005 20090427000000.0 008 090427s2009 it u000 u ita u 013 $a156592 020 $a978-88-343-1816-4 040 $aSeMil$bita 245 10$aPadre Agostino Gemelli e il Laboratorio di Psicologia :$ble testimonianze dei protagonisti /$ca cura di Lucia Isabella Esposito, Valentina Fenaroli e Susanna Vanetti ; postfazione di Vittorio Cigoli. 260 $aMilano :$bV&P,$c2009. 300 $aXIX, 154 p. :$bill. ;$c22 cm. 650 4$aGemelli, Agostino - Pensiero psicologico.$0(OLS)http://semarc/subject/14571 650 4$aMilano - Università Cattolica del Sacro Cuore - Laboratorio di psicologia.$0(OLS)http://semarc/subject/34098 700 1 $aEsposito, Lucia Isabella.$0(OLS)http://semarc/name/66425 700 1 $aCigoli, Vittorio <1942->.$0(OLS)http://semarc/name/3678 700 1 $aVanetti, Susanna.$0(OLS)http://semarc/name/66427 700 1 $aFenaroli, Valentina.$0(OLS)http://semarc/name/66426 850 $aSeMil 852 $aSeMil$W1$xVenegono$y1$m2O III 397$j129783$B129783$CSeMilBibl$Z2$F141431 $81 961 $aOmaggio: Braccini Annamaria 996 $6020$a978-88-343-1816-4$9(OLS)http://semarc/number/168106 996 $6245$aPadre Agostino Gemelli e il Laboratorio di Psicologia :$ble testimonianze dei protagonisti$9(OLS)http://semarc/title/257099 996 $6260$aMilano :$bV&P$9(OLS)http://semarc/publisher/32040